Statistics for Top 15 Countries with Covid-19 Cases - 20 July

Click here to take the quiz!

General Stats

  • This quiz has been taken 14 times
  • The average score is 18 of 25

Answer Stats

country% Correct
Brazil
100%
Mexico
100%
Spain
100%
United States
100%
Russia
92%
United Kingdom
92%
India
85%
Italy
85%
Pakistan
85%
Iran
77%
South Africa
77%
Chile
69%
Chile
69%
Peru
69%
Turkey
69%
Qatar
62%
Saudi Arabia
62%
Bahrain
54%
Belarus
54%
Sweden
54%
Armenia
46%
Kuwait
46%
Panama
46%
Oman
38%
Singapore
31%

Score Distribution

Percentile by Number Answered

Percent of People with Each Score

Your Score History

You have not taken this quiz